000 01037nam a22003137a 4500
001 BR2015002641
003 BR-BrBNA
005 20230928104627.0
007 ta
008 230509b bl.||||| |||| 00| 0 por d
040 _aBR-BrBNA
_bpor
_cBiblioteca Nacional de Agricultura
041 _a(Por)
072 _aH50; F50
_b1740
090 _ 1740 BR2015002641
100 1 _aTeixeira, M.B.
110 1 _aUniversidade Federal de Lavras, MG (Brasil)
_0Tese (Mestrado em Botânica Aplicada)
245 1 _aGenotoxicidade e modificações anatômicas radiculares em Allium cepa L. (Amaryllidaceae). Provocadas pelo efluente do beneficiamento de rochas ornamentais
260 3 _aLavras, MG (Brasil):
_c2014.
300 _a84 p.
500 _aBibliography p. 74-84; Summaries (Eng, Por); 7 illus; 7 tables
650 _aALLIUM CEPA
650 _aCEBOLA
650 _aAMARYLLIDACEAE
650 _aTOXIDEZ
650 _aANATOMIA VEGETAL
650 _aDISTÚRBIO GENÉTICO
909 _a202309
_bLucia
_c55
_dLucia Elande
942 _cBK
999 _c80919
_d80919